| 000 | 00660nam a2200193 i 4500 | ||
|---|---|---|---|
| 001 | 168072 | ||
| 003 | ES-MaACL | ||
| 005 | 20230906213656.0 | ||
| 008 | 051005s1874 gw | |||||||| ||eng d | ||
| 040 |
_aCAM _bspa _cCAM |
||
| 100 | 1 |
_aYonge, Charlotte Mary ( _d1823-1901) _9133993 |
|
| 245 | 1 | 0 |
_aLady Hester, or Ursula's narrative _b: ; The mouth of the leamy / _cby Charlotte M. Yonge. |
| 260 |
_aLeipzig : _bBernhard Tauchnitz, _c1874. |
||
| 300 |
_a296 p. ; _c16 cm. |
||
| 490 | 1 |
_aCollection of british authors ; _v1390 |
|
| 830 | 0 |
_aCollection of british authors ; _v1390 _9180703 |
|
| 852 |
_aES-MaACL _jG-12834 _z-- Enc. hol. |
||
| 999 |
_c168072 _d168072 |
||